000 00693cam a2200229 4500
001 B916
008 090401t1987 xxu||||| |||| 00| 0 eng d
035 _a(Sirsi) u38687
041 _aeng
050 _a658.404
090 _aRICS 1987/22ABC
110 _aRoyal Institution of Chartered Surveyors
_94900
245 _aProject management in property development.
260 _aLondon
_bRoyal Institution of Chartered Surveyors
_c1987
300 _a19p. ; 21cm.
350 _a0
520 _aPromotional brochure for chartered surveyors acting as project managers.
650 _aABOUT RICS-RICS MEMBERS
650 _aMANAGEMENT-PROJECT MANAGEMENT
942 _n0
948 _c04/03/1997
999 _c90685
_d90685